000
00320 a2200145 4500
001
62204
020
_a
9788506051313
040
_c
Anchieta - Pituba
100
_a
Brandão, Toni
240
1
0
_a
Foi ela que começou
_l
por
245
1
0
_a
Foi ela que começou
300
_a
87
650
4
_a
Literatura juvenil
942
_c
BK
999
_c
62204
_d
62204